Marketing v procese globalizácie

Salvato in:
Dettagli Bibliografici
Autore principale: Balhar, Vítězslav, Jr
Ente Autore: Ekonomická univerzita v Bratislave. Obchodná fakulta
Altri autori: Labská, Helena, Olšavský, František
Natura: Libro
Lingua:slovacco
Pubblicazione: Bratislava Vydavateľstvo EKONÓM 2011
Soggetti:
Tags: Aggiungi Tag
Nessun Tag, puoi essere il primo ad aggiungerne!!

MARC

LEADER 00000nam a2200000 4500
001 0126656
005 20240502072438.0
020 |a 978-80-225-3157-3 
041 0 |a slo 
044 |a SK 
245 1 0 |a Marketing v procese globalizácie  |c Vítězslav Balhar 
264 1 |a Bratislava  |b Vydavateľstvo EKONÓM  |c 2011 
300 |a 96 s. [6,820 AH] 
610 2 0 |a marketing 
610 2 0 |a marketing medzinárodný 
610 2 0 |a marketing environmentálny 
610 2 0 |a globalizácia 
610 2 0 |a globalizácia hospodárstva 
100 1 |a Balhar, Vítězslav, Jr. 
700 1 |a Labská, Helena 
700 1 |a Olšavský, František 
710 2 |a Ekonomická univerzita v Bratislave. Obchodná fakulta